Szczegóły MARC21

EIL, ELF, global English : teaching and learning issues /

003 -Nazwa inst., której nr kontr. jest w polu 001 [,]
    • @
    • Nazwa instytucji, której n kontrolny jest w polu 001
    • NUKAT
005 -DATA I CZAS OSTATNIEJ MODYFIKACJI [,]
    • @
    • pole kontrolne
    • 20241231091315.0
020 -Międzynarod. znormalizowany nr książki - ISBN [ , ]
    • a
    • Numer ISBN
    • 9783034300100 Find
040 -Instytucja sporządzająca opis [ , ]
    • a
    • Instytucja, która sporządziła opis (NP)
    • SZCZ U/MC
    • b
    • Język katalogowania
    • pol
    • e
    • Zasady katalogowania
    • rda
    • c
    • Instytucja, która sporządziła rekord (NP)
    • SZCZ U/MCs
044 -Kraj miejsca wydania [ , ]
    • a
    • Kraj miejsca wydania
    • Szwajcaria
    • a
    • Kraj miejsca wydania
    • Niemcy
    • a
    • Kraj miejsca wydania
    • Belgia
    • a
    • Kraj miejsca wydania
    • Stany Zjednoczone po 1988
    • a
    • Kraj miejsca wydania
    • Wielka Brytania po 1988
    • a
    • Kraj miejsca wydania
    • Austria
942 -Rodzaj dokumentu [ , ]
    • c
    • Rodzaj dokumentu
    • Książka
245 -Strefa tytułu i oznaczenia odpowiedzialności [0,0]
    • a
    • Tytuł
    • EIL, ELF, global English : Find
    • b
    • Ciąg dalszy tytułu (NP)
    • teaching and learning issues / Find
    • c
    • Pozostałe elementy strefy tytułu i oznaczenia odpowiedzialności (NP)
    • Cesare Gagliardi & Alan Maley (eds).
260 -Strefa adresu wydawniczego [ , ]
    • a
    • Miejsce wydania (P)
    • Bern ;
    • a
    • Miejsce wydania (P)
    • Berlin ;
    • a
    • Miejsce wydania (P)
    • Bruxelles ;
    • a
    • Miejsce wydania (P)
    • Frankfurt am Main ;
    • a
    • Miejsce wydania (P)
    • New York ;
    • a
    • Miejsce wydania (P)
    • Oxford ;
    • a
    • Miejsce wydania (P)
    • Wien :
    • b
    • Nazwa wydawcy (P)
    • Peter Lang,
    • c
    • Data wydania (P)
    • © 2010.
300 -Strefa opisu fizycznego [ , ]
    • a
    • Określenie formy książki i/lub objętość (NP)
    • 376 stron :
    • b
    • Oznaczenie ilustracji (NP)
    • ilustracje ;
    • c
    • Format (NP)
    • 22 cm.
336 -Typ zawartości [ , ]
    • a
    • Termin opisujący typ zawartości
    • Tekst
    • b
    • Kod określający zawartość
    • txt
    • 2
    • Źródło (terminu i kodu)
    • rdacontent
337 -Typ mediów [ , ]
    • a
    • Tryb odtwarzania
    • Bez urządzenia pośredniczącego
    • b
    • Kod typu mediów
    • n
    • 2
    • Źródło (terminu i kodu)
    • rdamedia
338 -Typ/rodzaj nośnika [ , ]
    • a
    • Hasło opisujące typ nośnika
    • Wolumin
    • b
    • Kod typu nośnika
    • nc
    • 2
    • Źródło (terminu i kodu)
    • rdacarrier
490 -Strefa serii i książki wielotomowej - forma nie do wyszukiwania [1, ]
    • a
    • Tytuł (P)
    • Linguistic Insights : studies in language and communication, Find
    • x
    • ISSN (NP)
    • 1424-8689 ;
    • v
    • Numeracja (P)
    • vol. 96
830 -Hasło dodatkowe serii i opisu książki wielotomowej - tytuł ujednolicony/tytuł [ ,0]
    • a
    • Tytuł ujednolicony/tytuł (NP)
    • Linguistic Insights
    • x
    • ISSN
    • 1424-8689
    • v
    • Oznaczenie tomu (NP)
    • vol. 96
    • 9
    • KHW
    • 24425
500 -Uwaga ogólna [ , ]
    • a
    • Uwaga ogólna (NP)
    • Na stronie redakcyjnej również błędny ISBN 978-3-03943-0010-0.
504 -Uwaga dot. bibliogr. załącznikowej [ , ]
    • a
    • Uwaga dot. bibliografii załącznikowej
    • Bibliografia po rozdziałach.
080 -Uniwersalna Klasyfikacja Dziesiętna [ , ]
    • 2
    • Identyfikator wydania tablic
    • UDC-P058
    • 9
    • UKD
    • 43177
    • a
    • Symbol klasyfikacji
    • 811.111'282.8
    • b
    • Dopowiedzenie
    • Język angielski. - Języki konwencjonalne. Języki mieszane. Gwara międzynarodowa.
    • 4
    • UKD2
    • 7644
    • x
    • Poddział wspólny
    • =111
    • c
    • Dopowiedzenie poddz. wspólnego
    • =Język angielski.
080 -Uniwersalna Klasyfikacja Dziesiętna [ , ]
    • 2
    • Identyfikator wydania tablic
    • UDC-P058
    • 9
    • UKD
    • 8689
    • a
    • Symbol klasyfikacji
    • 811.111'24
    • b
    • Dopowiedzenie
    • Język angielski. - Praktyczna znajomość języków.
    • 4
    • UKD2
    • 7644
    • x
    • Poddział wspólny
    • =111
    • c
    • Dopowiedzenie poddz. wspólnego
    • =Język angielski.
080 -Uniwersalna Klasyfikacja Dziesiętna [ , ]
    • 2
    • Identyfikator wydania tablic
    • UDC-P058
    • 9
    • UKD
    • 2181
    • a
    • Symbol klasyfikacji
    • 005.44
    • b
    • Dopowiedzenie
    • Zarządzanie. Globalizacja. Zarządzanie międzynarodowe.
    • 4
    • UKD2
    • 7644
    • x
    • Poddział wspólny
    • =111
    • c
    • Dopowiedzenie poddz. wspólnego
    • =Język angielski.
650 -Hasło przedmiotowe [ ,7]
    • a
    • Hasło przedmiotowe
    • Język angielski
    • x
    • Określnik rzeczowy
    • studia i nauczanie (akademickie)
    • x
    • Określnik rzeczowy
    • obcojęzyczni.
    • 2
    • Źródło terminu
    • kaba
    • 9
    • KHW
    • 424281
980 -Symbol UKD [ , ]
    • a
    • UKD
    • 811.111'282.8:811.111'24:005.44]=111
700 -Hasło dodatkowe - nazwa osobowa [1, ]
    • a
    • Nazwa osobowa (NP)
    • Gagliardi, Cesare Find
    • d
    • Daty biograficzne (NP)
    • (1941- ).
    • e
    • Określenie rodzaju współpracy
    • Redakcja
    • 9
    • KHW
    • 685544
700 -Hasło dodatkowe - nazwa osobowa [1, ]
    • a
    • Nazwa osobowa (NP)
    • Maley, Alan Find
    • d
    • Daty biograficzne (NP)
    • (1937- ).
    • e
    • Określenie rodzaju współpracy
    • Redakcja
    • 9
    • KHW
    • 46744
710 -Hasło dodatkowe - nazwa ciała zbiorowego [2, ]
    • a
    • Nazwa ciała zbiorowego lub nazwa geograficzna jako pierwszy element (NP)
    • Verlag Peter Lang.
    • e
    • Rodzaj współpracy
    • Wydawca
    • 4
    • Kod relacji
    • pbl
    • 9
    • KHW
    • 613284
920 -ISBN [ , ]
    • a
    • ISBN
    • 978-3-0343-0010-0 Find
Sygnatura Numer inwentarzowy Status udost. Data inwentaryzacji Lokalizacja
ANG. Metodyka 035A.894612012-09-07BM